Trauma / (Record no. 1362)

MARC details
000 -LEADER
fixed length control field 00330nam a2200133 4500
003 - CONTROL NUMBER IDENTIFIER
control field IeDuTC
005 - DATE AND TIME OF LATEST TRANSACTION
control field 20181127164009.0
008 - FIXED-LENGTH DATA ELEMENTS--GENERAL INFORMATION
fixed length control field 960108s1995 enk 000 1 eng
020 ## - INTERNATIONAL STANDARD BOOK NUMBER
International Standard Book Number 0671718843
100 1# - MAIN ENTRY--PERSONAL NAME
Personal name McClure, Ken.
245 10 - TITLE STATEMENT
Title Trauma /
Statement of responsibility, etc. Ken McClure.
260 ## - PUBLICATION, DISTRIBUTION, ETC.
Place of publication, distribution, etc. London :
Name of publisher, distributor, etc. Pocket Books,
Date of publication, distribution, etc. 1996.
300 ## - PHYSICAL DESCRIPTION
Extent 375 p. ;
Dimensions 18 cm.

No items available.

Royal Thimphu College || All Right Reserved